000 00498nam a2200193Ia 4500
005 20240823061430.0
008 240823s9999||||xx |||||||||||||| ||und||
041 _aENGLISH
082 _A657.046 Q7
100 _aJain S P
245 0 _aPractical Problems in Advanced Accountancy Volume-II (Corporate Accounting)
250 _a2017
260 _c2017
_bKalyani Publi
500 _aYES
650 _aAccountancy
_bManagement Studies
700 _aNarang K L
942 _cBK
999 _c233515
_d233515